[Event "Grand Prix Zone Jeux IT"]
[Site "Clichy"]
[Date "2001.06.30"]
[Round "6"]
[White "Lautier, Joel"]
[Black "Degraeve, Jean Marc"]
[Result "1/2-1/2"]
[WhiteElo "2658"]
[BlackElo "2589"]
[PlyCount "58"]
[EventDate "2001.06.25"]
[EventType "tourn"]
[EventRounds "9"]
[EventCountry "FRA"]
[EventCategory "14"]
[Source "Fruth,M"]
[SourceDate "2003.05.15"]

1. d4 Nf6 2. c4 c5 3. d5 e6 4. Nc3 exd5 5. cxd5 d6 6. e4 g6 7. f4 Bg7 8. Bb5+
Nbd7 9. e5 dxe5 10. fxe5 Nh5 11. e6 Qh4+ 12. g3 Nxg3 13. hxg3 Qxh1 14. Be3
Bxc3+ 15. bxc3 a6 16. exd7+ Bxd7 17. Bxd7+ Kxd7 18. Qb3 b5 19. O-O-O Rhe8 20.
Bxc5 Qg2 21. d6 Re6 22. Nh3 Qxh3 23. Qd5 Rb8 24. Ba7 Qh6+ 25. Kb1 Qf8 26. g4
Qe8 27. Bxb8 Qxb8 28. Rf1 Qxd6 29. Rxf7+ Ke8 1/2-1/2

[Event "Capablanca mem Elite A 38"]
[Site "Havana"]
[Date "2003.05.14"]
[Round "8"]
[White "Arencibia, Walter"]
[Black "Vera, Reynaldo"]
[Result "1/2-1/2"]
[WhiteElo "2520"]
[BlackElo "2546"]
[PlyCount "63"]
[EventDate "2003.05.06"]
[EventType "tourn"]
[EventRounds "11"]
[EventCountry "CUB"]
[EventCategory "13"]
[Source "Fruth,M"]
[SourceDate "2003.05.15"]

1. d4 Nf6 2. c4 e6 3. Nc3 c5 4. d5 exd5 5. cxd5 d6 6. e4 g6 7. f4 Bg7 8. Bb5+
Nbd7 9. e5 dxe5 10. fxe5 Nh5 11. e6 Qh4+ 12. g3 Nxg3 13. hxg3 Qxh1 14. Be3
Bxc3+ 15. bxc3 a6 16. exd7+ Bxd7 17. Bxd7+ Kxd7 18. Qa4+ b5 19. Qf4 Rhe8 20.
O-O-O Qe4 21. Qxe4 Rxe4 22. Bxc5 Rc8 23. Bd4 Rxd4 24. Rxd4 Rxc3+ 25. Kd2 Rxg3
26. Ne2 Rf3 27. a4 h5 28. axb5 axb5 29. Nc3 g5 30. Nxb5 Rf5 31. Nc3 h4 32. Ne4
1/2-1/2

[Event "Amber-blind 13th"]
[Site "Monaco"]
[Date "2004.03.20"]
[Round "1"]
[White "Van Wely, Loek"]
[Black "Topalov, Veselin"]
[Result "1/2-1/2"]
[WhiteElo "2617"]
[BlackElo "2735"]
[PlyCount "91"]
[EventDate "2004.03.20"]
[EventType "tourn (rapid)"]
[EventRounds "11"]
[EventCountry "MNC"]
[EventCategory "19"]
[Source "ChessBase"]
[SourceDate "2004.05.04"]

1. d4 Nf6 2. c4 e6 3. Nc3 c5 4. d5 exd5 5. cxd5 d6 6. e4 g6 7. f4 Bg7 8. Bb5+
Nfd7 9. Bd3 Qh4+ 10. g3 Qe7 11. Nf3 O-O 12. O-O Nb6 13. Kg2 Bg4 14. h3 Bxf3+
15. Qxf3 N8d7 16. Be3 c4 17. Bc2 Rac8 18. Rad1 Nc5 19. Bxc5 Rxc5 20. e5 f5 21.
e6 Nc8 22. g4 Qh4 23. gxf5 gxf5 24. Kh2 Ne7 25. Rg1 Kh8 26. Ne2 Bh6 27. b4 cxb3
28. Bxb3 Ng6 29. Qg3 Qxg3+ 30. Kxg3 b5 31. Rc1 Rfc8 32. Rxc5 Rxc5 33. Kf3 Kg7
34. h4 Kf6 35. h5 Nxf4 36. Nxf4 Rc3+ 37. Kf2 Bxf4 38. Rg8 Rc7 39. a4 b4 40. a5
Bg5 41. Rb8 Ke5 42. Rxb4 Bd2 43. Rb5 a6 44. Rb6 Bxa5 45. Rxa6 Bd2 46. Ra8
1/2-1/2

[Event "Pedro Zabala mem"]
[Site "Bilbao"]
[Date "2004.10.12"]
[Round "4"]
[White "Milov, Vadim"]
[Black "Zhang Pengxiang"]
[Result "0-1"]
[WhiteElo "2683"]
[BlackElo "2519"]
[PlyCount "88"]
[EventDate "2004.10.12"]
[EventType "swiss (rapid)"]
[EventRounds "7"]
[EventCountry "ESP"]
[Source "ChessBase"]
[SourceDate "2004.11.03"]

1. d4 c5 2. d5 e6 3. c4 exd5 4. cxd5 d6 5. Nc3 Nf6 6. e4 g6 7. f4 Bg7 8. Bb5+
Nfd7 9. Nf3 O-O 10. O-O a6 11. Bd3 b5 12. a3 Re8 13. h3 c4 14. Bc2 Nc5 15. Be3
Bxc3 16. bxc3 Nxe4 17. Bd4 Ng3 18. Re1 Bf5 19. Rxe8+ Qxe8 20. Kh2 Bxc2 21. Qxc2
Nf5 22. Re1 Qf8 23. Bf2 Nd7 24. g4 Ng7 25. Nd4 Re8 26. Nc6 Rxe1 27. Bxe1 Qe8
28. Bf2 h5 29. Bd4 hxg4 30. hxg4 Qe1 31. Qg2 Ne8 32. Qh3 Ndf6 33. f5 Qe2+ 34.
Kh1 Qe4+ 35. Kg1 Qxg4+ 36. Qxg4 Nxg4 37. fxg6 fxg6 38. Nb4 Ngf6 39. Nxa6 Nxd5
40. Nb8 Nec7 41. Kf2 Ne6 42. Nc6 Nxd4 43. cxd4 Kf7 44. Na7 b4 0-1

[Event "Wch U20"]
[Site "Yerevan"]
[Date "2006.10.08"]
[Round "6"]
[White "Vitiugov, Nikita"]
[Black "Pantsulaia, Levan"]
[Result "1/2-1/2"]
[WhiteElo "2596"]
[BlackElo "2596"]
[PlyCount "100"]
[EventDate "2006.10.03"]
[EventType "swiss"]
[EventRounds "13"]
[EventCountry "ARM"]
[Source "ChessBase"]
[SourceDate "2006.11.01"]

1. d4 Nf6 2. c4 e6 3. Nc3 c5 4. d5 exd5 5. cxd5 d6 6. e4 g6 7. f4 Bg7 8. Bb5+
Nfd7 9. Nf3 a6 10. Bd3 b5 11. O-O O-O 12. Kh1 Re8 13. f5 Nf6 14. Bg5 Nbd7 15.
Qd2 b4 16. Ne2 a5 17. Ng3 Qb6 18. Bh6 Bh8 19. h4 Ba6 20. Bxa6 Qxa6 21. h5 Ng4
22. fxg6 fxg6 23. hxg6 hxg6 24. Qg5 Nde5 25. Nxe5 Nxe5 26. Rf4 Ra7 27. Raf1 Bg7
28. Rh4 Qd3 29. Rh3 Rf8 30. Rxf8+ Bxf8 31. Nf5 Qd1+ 32. Kh2 Ng4+ 33. Kg3 Qe1+
34. Kxg4 Qxe4+ 35. Kg3 Qxf5 36. Qxf5 gxf5 37. Bxf8 Kxf8 38. Rh8+ Kg7 39. Rd8 a4
40. Rxd6 a3 41. bxa3 Rxa3+ 42. Kf4 Rxa2 43. Rc6 Rc2 44. Ke5 c4 45. d6 c3 46. d7
Rd2 47. Ke6 f4 48. Rd6 Rxd6+ 49. Kxd6 c2 50. d8=Q c1=Q 1/2-1/2

[Event "7th Amplico AIG Life"]
[Site "Warsaw POL"]
[Date "2007.12.15"]
[Round "7"]
[White "Peralta, Fe"]
[Black "Moranda, W."]
[Result "1/2-1/2"]
[WhiteElo "2546"]
[BlackElo "2533"]
[PlyCount "78"]
[EventDate "2007.12.15"]
[SourceDate "1999.07.01"]

1. d4 Nf6 2. c4 e6 3. Nc3 c5 4. d5 exd5 5. cxd5 d6 6. e4 g6 7. f4 Bg7 8. Bb5+
Nbd7 9. e5 dxe5 10. fxe5 Nh5 11. e6 Qh4+ 12. g3 Nxg3 13. hxg3 Qxh1 14. Be3
Bxc3+ 15. bxc3 a6 16. Bxd7+ Bxd7 17. exd7+ Kxd7 18. Qg4+ f5 19. Qf3 Qxf3 20.
Nxf3 Rhe8 21. Kf2 Re4 22. Nd2 Ra4 23. Bxc5 Re8 24. Bb4 a5 25. Nc4 axb4 26. Nb6+
Kd6 27. Nxa4 b5 28. Nb2 bxc3 29. Nd1 b4 30. Ne3 Ra8 31. Nc2 Ra4 32. Ke3 Kxd5
33. Kd3 Kc5 34. Nd4 Ra7 35. Ne6+ Kd6 36. Nd4 Kd5 37. Nb3 Ra3 38. Nd4 Ra7 39.
Nb3 Ra3 1/2-1/2

[Event "1st WMSG Rapid Ind"]
[Site "Beijing CHN"]
[Date "2008.10.07"]
[Round "9"]
[White "Markos, J."]
[Black "Leon Hoyos, M."]
[Result "1-0"]
[WhiteElo "2557"]
[BlackElo "2535"]
[PlyCount "85"]
[EventDate "2008.10.05"]
[SourceDate "1999.07.01"]

1. d4 Nf6 2. c4 e6 3. Nc3 c5 4. d5 exd5 5. cxd5 d6 6. e4 g6 7. f4 Bg7 8. Bb5+
Nfd7 9. a4 O-O 10. Nf3 Na6 11. O-O Nc7 12. Bxd7 Bxd7 13. f5 b5 14. Bg5 Bf6 15.
Qd2 b4 16. Ne2 Ne8 17. g4 Qe7 18. Ng3 Bxg5 19. Nxg5 Nf6 20. Qf4 Rae8 21. Nf3
Kh8 22. Rfe1 g5 23. Nxg5 Rg8 24. h3 Nxg4 25. Nxf7+ Qxf7 26. hxg4 Qf6 27. Re2
Qh4 28. Rh2 Qxg4 29. Qxg4 Rxg4 30. Kf2 Reg8 31. Rah1 Kg7 32. Rxh7+ Kf6 33. Nh5+
Ke5 34. Rxd7 Rg2+ 35. Kf3 Rxb2 36. Re7+ Kd4 37. Rd1+ Kc3 38. f6 Rh2 39. Nf4 c4
40. f7 Rgh8 41. Re8 Kc2 42. Rg1 b3 43. Reg8 1-0

[Event "1st WMSG Rapid Pair"]
[Site "Beijing CHN"]
[Date "2008.10.10"]
[Round "7"]
[White "Sasikiran, K."]
[Black "Leon Hoyos, M."]
[Result "1-0"]
[WhiteElo "2694"]
[BlackElo "2535"]
[PlyCount "71"]
[EventDate "2008.10.09"]
[SourceDate "1999.07.01"]

1. d4 Nf6 2. c4 e6 3. Nc3 c5 4. d5 exd5 5. cxd5 d6 6. e4 g6 7. f4 Bg7 8. Bb5+
Nfd7 9. a4 O-O 10. Nf3 Na6 11. O-O Nc7 12. Bd3 b6 13. Re1 Re8 14. Be3 Ba6 15.
Bf2 Rb8 16. Bg3 Nf6 17. e5 Nh5 18. Bxa6 Nxa6 19. Qd2 Nb4 20. Re4 Qd7 21. Rae1
Nxg3 22. hxg3 dxe5 23. fxe5 Rbd8 24. d6 f6 25. exf6 Bxf6 26. Rxe8+ Rxe8 27.
Rxe8+ Qxe8 28. d7 Qd8 29. Ne4 Be7 30. Neg5 Qa8 31. Ne6 Nd5 32. Qh6 Kf7 33.
Nfg5+ Bxg5 34. Nxg5+ Ke7 35. Qg7+ Kd6 36. d8=Q+ 1-0

[Event "Najdorf Memorial A"]
[Site "Warsaw POL"]
[Date "2008.08.05"]
[Round "4"]
[White "Sasikiran, K."]
[Black "Berg, E."]
[Result "1-0"]
[WhiteElo "2684"]
[BlackElo "2592"]
[PlyCount "71"]
[EventDate "2008.08.02"]
[SourceDate "1999.07.01"]

1. d4 Nf6 2. c4 c5 3. d5 e6 4. Nc3 exd5 5. cxd5 d6 6. e4 g6 7. f4 Bg7 8. Bb5+
Nfd7 9. a4 Qh4+ 10. g3 Qd8 11. Nf3 O-O 12. O-O Na6 13. f5 Nf6 14. Bf4 gxf5 15.
e5 Ne4 16. Re1 Nb4 17. Bc4 a6 18. a5 dxe5 19. Nxe5 Re8 20. Nxe4 fxe4 21. Rxe4
Bf5 22. Nxf7 Rxe4 23. Nxd8 Rxd8 24. Rc1 Kh8 25. d6 Bxb2 26. Qh5 Bg6 27. Qg5 Nc6
28. Bd5 Rxf4 29. gxf4 Rxd6 30. Kg2 Kg7 31. Bxc6 Bf6 32. Qg3 Rd2+ 33. Kh1 bxc6
34. f5 c4 35. fxg6 hxg6 36. Qc7+ 1-0

[Event "38th Olympiad"]
[Site "Dresden GER"]
[Date "2008.11.19"]
[Round "6"]
[White "Gajewski, G."]
[Black "Maze, S."]
[Result "0-1"]
[WhiteElo "2577"]
[BlackElo "2577"]
[PlyCount "80"]
[EventDate "2008.11.13"]
[SourceDate "1999.07.01"]

1. d4 Nf6 2. c4 e6 3. Nc3 c5 4. d5 exd5 5. cxd5 d6 6. e4 g6 7. f4 Bg7 8. Bb5+
Nfd7 9. Nf3 O-O 10. O-O a6 11. Bd3 b5 12. a3 Re8 13. Qe1 f5 14. Ng5 Nf8 15. Qg3
Ra7 16. Bd2 Qf6 17. Kh1 Nbd7 18. Rae1 c4 19. Bc2 Nc5 20. e5 Qd8 21. Be3 Rc7 22.
Bg1 Ree7 23. h4 Bb7 24. Rd1 Re8 25. Rfe1 Rc8 26. e6 Re7 27. h5 Nd3 28. Bxd3
cxd3 29. Rxd3 Rc4 30. hxg6 Nxg6 31. Qh2 Bxc3 32. Rxc3 Rxc3 33. bxc3 Bxd5 34.
Bd4 Qf8 35. Re3 Qc8 36. Rg3 Qc4 37. Qh5 Qf1+ 38. Kh2 Bxg2 39. Bg1 Bc6 40. Nxh7
Qe2+ 0-1

[Event "11th Gibraltar Masters"]
[Site "Caleta ENG"]
[Date "2013.01.29"]
[Round "8.11"]
[White "Al Sayed, Mohamad"]
[Black "Iturrizaga, E."]
[Result "0-1"]
[WhiteElo "2507"]
[BlackElo "2650"]
[PlyCount "52"]
[EventDate "2013.01.22"]
[SourceDate "1999.07.01"]

1. d4 Nf6 2. c4 e6 3. Nc3 c5 4. d5 exd5 5. cxd5 d6 6. e4 g6 7. f4 Bg7 8. Bb5+
Nfd7 9. a4 O-O 10. Nf3 Na6 11. O-O Nb4 12. Re1 a6 13. Bf1 Re8 14. h3 b6 15. Be3
f5 16. Bf2 Bb7 17. exf5 gxf5 18. Nh4 Rxe1 19. Qxe1 Nc2 20. Qe6+ Kh8 21. Nxf5
Bxc3 22. bxc3 Nxa1 23. Bh4 Bxd5 24. Qxd5 Qg8 25. Qxd6 Qf7 26. Qxd7 Qxd7 0-1

[Event "2nd Metropolitan International"]
[Site "Los Angeles USA"]
[Date "2012.08.18"]
[Round "8"]
[White "Gareev, T."]
[Black "Sevillano, E."]
[Result "1-0"]
[WhiteElo "2658"]
[BlackElo "2526"]
[PlyCount "89"]
[EventDate "2012.08.14"]
[EventType "swiss"]
[SourceDate "1999.07.01"]

1. d4 Nf6 2. c4 c5 3. d5 e6 4. Nc3 exd5 5. cxd5 d6 6. e4 g6 7. f4 Bg7 8. Bb5+
Nfd7 9. a4 O-O 10. Nf3 Na6 11. O-O Nb4 12. Re1 a6 13. Bf1 Nf6 14. h3 Re8 15.
Bc4 Nd7 16. Be3 b6 17. Qd2 Bb7 18. Bf2 Bh6 19. Bh4 f6 20. Rf1 Ne5 21. Nxe5 dxe5
22. Bg3 Kg7 23. Rf2 Qd6 24. Raf1 exf4 25. Rxf4 Bxf4 26. Bxf4 Re5 27. Nd1 g5 28.
Bg3 Rd8 29. Ne3 Bc8 30. Rf5 Rde8 31. Be2 Qd8 32. Bxe5 fxe5 33. Bh5 Rf8 34. Rxf8
Qxf8 35. Nc4 Qf6 36. d6 Be6 37. Nxb6 Nc6 38. d7 Nd4 39. Qf2 Qe7 40. Be8 a5 41.
Nd5 Qd8 42. Nf6 Ne2+ 43. Qxe2 Kxf6 44. Qf2+ Kg7 45. Qxc5 1-0